Photo /

La revista PHOTO es una publicación dedicada a la fotografía contemporánea, el arte y la comunicación visual. Fue fundada en el año 1967, en plena guerra de Vietmam, por Hachette Filipacchi Médias, basándose en la revista masculina American Photo. Se ha convertido en un referente del mudo de la foto...

Descripción completa

Guardado en:
Detalles Bibliográficos
Formato: Seriadas
Idioma:Francés
Publicado: París, Francia : Hachette, 1998-2019
Temas:
Etiquetas: Agrega una etiqueta
Sin etiquetas, Sé el primero en etiquetar este registro!

MARC

LEADER 00000nas^a2200000^a^4500
001 000090993
005 20260427000000.0
009 20260526121457.01
022 |a 0248-8035 
037 |a Acervo ITESO - Biblioteca 
041 |a FRA 
094 |a 436 
245 0 0 |a Photo / 
264 1 |a París, Francia :  |b Hachette,  |c 1998-2019 
300 |a volúmenes 
310 |a Mensual 
336 |a texto  |b txt  |2 rdacontenido 
337 |a sin mediación  |b n  |2 rdamedio 
338 |a volumen  |b nc  |2 rdasoporte 
362 0 |a N° 40 (enero 1971)-N° 549 (diciembre 2019) 
520 |a La revista PHOTO es una publicación dedicada a la fotografía contemporánea, el arte y la comunicación visual. Fue fundada en el año 1967, en plena guerra de Vietmam, por Hachette Filipacchi Médias, basándose en la revista masculina American Photo. Se ha convertido en un referente del mudo de la fotografía impresa para los fotógrafos tanto aficionados como de profesión, coleccionistas y lectores en general en busca de inspiración. En sus páginas se exhiben trabajos tanto de los grandes maestros de la fotografía como de talentos emergentes con nuevas tendencias y el uso de nuevas tecnologías, así como también, las noticias sobre los grandes festivales y exposiciones fotográficas. Cada año, la revista organiza el Gran Concurso Fotográfico del Mundo y edita un número especial en torno a este gran evento. Con más de 560 números editados, su temática ha transitado entre el fotorreportaje, naturaleza, moda y técnicas fotográficas. Su frecuencia es trimestral aunque no siempre fue así; al principio fue mensual, con 10 números al año. El ITESO cuenta en su hemeroteca con esta publicación desde su número 44, mayo de 1971, hasta la fecha, aunque hacen faltan algunos fascículos. 
599 |a Vigente  |b Compra  |c JournalsOnline 
649 |a XX 
650 |a Fotografía -  |x Publicaciones Periódicas Francesas -  |x Tema Principal 
650 |a Comunicación Visual -  |x Publicaciones Periódicas Francesas 
650 |a Arte -  |x Publicaciones Periódicas Francesas 
650 |a Publicaciones Periódicas Francesas 
910 |a Fondo General 
920 |a Impresos - Publicaciones Periódicas 
905 |a 105 
902 |a https://opac.biblio.iteso.mx/vufind/Record/000090993